Sociálne poistenie zamestnancov
Sociálne poistenie zamestnancov - nemocenské poistenie, dôchodkové poistenie, úrazové poistenie, garančné poistenie, poistenie v nezamestnanosti. Subjekty sociálneho poistenia. Spôsoby prihlásenia a odhlásenia zamestnanca z registra poistencov. Vznik, prerušenie a zánik sociálneho poistenia. Vymeria...
Saved in:
| Main Author: | |
|---|---|
| Format: | Book Chapter |
| Language: | Slovak |
| Subjects: | |
| Tags: |
No Tags, Be the first to tag this record!
|
MARC
| LEADER | 00000naa$a2200000$$$4500 | ||
|---|---|---|---|
| 001 | 0095257 | ||
| 005 | 20231120111634.3 | ||
| 041 | 0 | |a slo | |
| 044 | |a SK | ||
| 245 | 1 | 0 | |a Sociálne poistenie zamestnancov |c Zuzana Cingelová |
| 520 | |a Sociálne poistenie zamestnancov - nemocenské poistenie, dôchodkové poistenie, úrazové poistenie, garančné poistenie, poistenie v nezamestnanosti. Subjekty sociálneho poistenia. Spôsoby prihlásenia a odhlásenia zamestnanca z registra poistencov. Vznik, prerušenie a zánik sociálneho poistenia. Vymeriavací základ zamestnanca. | ||
| 610 | 2 | 0 | |a zamestnanci |
| 610 | 2 | 0 | |a poistenie sociálne |
| 610 | 2 | 0 | |a základ vymeriavací |
| 610 | 2 | 0 | |a poistenie dôchodkové |
| 610 | 2 | 0 | |a poistenie garančné |
| 610 | 2 | 0 | |a poistenie úrazové |
| 610 | 2 | 0 | |a poistenie v nezamestnanosti |
| 100 | 1 | |a Cingelová, Zuzana | |